Mötley Crüe: Albums by Cover - Statistics

General Stats
  • This quiz has been taken 25 times
  • The average score is 7 of 9
Answer Stats
Picture Hint Answer % Correct
1987 Girls, Girls, Girls
94%
1985 Theatre of Pain
94%
1989 Dr. Feelgood
88%
1983 Shout at the Devil
88%
1981 Too Fast for Love
88%
1994 Mötley Crüe
81%
2008 Saints of Los Angeles
50%
1997 Generation Swine
44%
2000 New Tattoo
44%
No matching quizzes found
Score Distribution
Percent of People with Each Score
Percentile by Number Answered
Your Score History
You have not taken this quiz